000 00557nam a22002051 4500
001 bimo0000925137
003 OSt
005 20130618094140.0
008 900725s1968 sp spa
017 _aM 7418-1968
_bOficina Depósito Legal Madrid
035 _a(OCoLC)318441436
040 _aSpMaBN
_cBMC
082 _a863.56
100 _aGómez de la Serna, Ramón
_d1888-1963
_946
245 1 3 _aEl circo
_cRamón Gómez de la Serna
260 0 _aMadrid
_bEspasa-Calpe
_c1968
300 _a223 p.
_c18 cm
490 0 _aAustral
_v1400
942 _2ddc
_cBK
999 _c734
_d734